| 000 | 01389nam a2200349 a 4500 | ||
|---|---|---|---|
| 001 | ebr10225133 | ||
| 003 | CaPaEBR | ||
| 006 | m u | ||
| 007 | cr cn||||||||| | ||
| 008 | 061025s2007 nyu sb 001 0 eng | ||
| 010 | _z 2006035867 | ||
| 020 | _z9781593320997 (alk. paper) | ||
| 020 | _z159332099X (alk. paper) | ||
| 040 |
_aCaPaEBR _cCaPaEBR |
||
| 035 | _a(OCoLC)490988571 | ||
| 043 | _an-us--- | ||
| 050 | 1 | 4 |
_aHV7936.C56 _bB87 2007eb |
| 082 | 0 | 4 |
_a363.2068/4 _222 |
| 100 | 1 |
_aBuren, Brenda A., _d1966- |
|
| 245 | 1 | 0 |
_aEvaluating citizen oversight of police _h[electronic resource] / _cBrenda A. Buren. |
| 260 |
_aNew York : _bLFB Scholarly Pub. LLC, _c2007. |
||
| 300 | _avii, 229 p. | ||
| 490 | 1 | _aCriminal justice | |
| 504 | _aIncludes bibliographical references (p. 219-226) and index. | ||
| 533 |
_aElectronic reproduction. _bPalo Alto, Calif. : _cebrary, _d2013. _nAvailable via World Wide Web. _nAccess may be limited to ebrary affiliated libraries. |
||
| 650 | 0 |
_aPolice administration _zUnited States _xCitizen participation. |
|
| 650 | 0 |
_aPolice _xComplaints against _zUnited States. |
|
| 655 | 7 |
_aElectronic books. _2local |
|
| 710 | 2 | _aebrary, Inc. | |
| 830 | 0 | _aCriminal justice (LFB Scholarly Publishing LLC) | |
| 856 | 4 | 0 |
_uhttp://site.ebrary.com/lib/rucke/Doc?id=10225133 _zAn electronic book accessible through the World Wide Web; click to view |
| 999 |
_c26845 _d26845 |
||